书目信息 |
| 题名: |
软件工程设计案例教程
|
|
| 作者: | 李代平 编著 | |
| 分册: | ||
| 出版信息: | 北京 清华大学出版社 2008.02 |
|
| 页数: | 12, 384页 | |
| 开本: | 26cm | |
| 丛书名: | ||
| 单 册: | ||
| 中图分类: | TP311.5 | |
| 科图分类: | ||
| 主题词: | 软件工程--ruan jian gong cheng--高等学校--教材 | |
| 电子资源: | ||
| ISBN: | 978-7-302-15860-8 | |
| 000 | 00921nam0 2200253 450 | |
| 001 | 012008477782 | |
| 005 | 20080626141827.76 | |
| 010 | @a978-7-302-15860-8@dCNY39.00 | |
| 100 | @a20080626d2008 em y0chiy0120 ea | |
| 101 | 0 | @achi |
| 102 | @aCN@b110000 | |
| 105 | @aak a 000yy | |
| 106 | @ar | |
| 200 | 1 | @a软件工程设计案例教程@Aruan jian gong cheng she ji an li jiao cheng@f李代平等编著@Fli dai ping deng bian zhu |
| 210 | @a北京@c清华大学出版社@d2008.02 | |
| 215 | @a12, 384页@c图@d26cm | |
| 300 | @a高等学校教材软件工程 | |
| 320 | @a有书目 (第383-384页) | |
| 330 | @a本书简要介绍了软件工程设计的原理、方法和技术,包括传统软件工程方法和面向对象方法,给出了软件工程开发设计环节中具体的设计活动过程和产品规范。 | |
| 606 | 0 | @a软件工程@Aruan jian gong cheng@x高等学校@j教材 |
| 690 | @aTP311.5@v4 | |
| 701 | 0 | @a李代平@Ali dai ping@4编著 |
| 801 | 0 | @aCN@bQSSK@c20080626 |
| 905 | @b729253-55@dTP311.5@eL144@f3 | |
| 软件工程设计案例教程/李代平等编著.-北京:清华大学出版社,2008.02 |
| 12, 384页:图;26cm |
| 高等学校教材软件工程 |
| ISBN 978-7-302-15860-8:CNY39.00 |
| 本书简要介绍了软件工程设计的原理、方法和技术,包括传统软件工程方法和面向对象方法,给出了软件工程开发设计环节中具体的设计活动过程和产品规范。 |
| ● |
| 相关链接 |
|
|
|
正题名:软件工程设计案例教程
索取号:TP311.5/L144
 
预约/预借
| 序号 | 登录号 | 条形码 | 馆藏地/架位号 | 状态 | 备注 |
| 1 | 729253 | 207292534 | 自科库301/301自科库 49排5列2层/ [索取号:TP311.5/L144] | 在馆 | |
| 2 | 729254 | 207292543 | 自科二线504/504自科库 31排4列5层/ [索取号:TP311.5/L144] | 在馆 | |
| 3 | 729255 | 207292552 | 自科库301/301自科库 49排5列2层/ [索取号:TP311.5/L144] | 在馆 |